Estadísticas para Frutas más comunes de México (Español-Spanish)

Haz click aquí para tomar la prueba!

Estadísticas generales

  • Esta prueba ha sido tomada 895 veces
    (855 desde el último reinicio)
  • La puntuación promedio es 15 de 25

Estadísticas de respuestas

Hint Answer % Correcto
15Manzana
92%
17Naranja
89%
21Plátano
88%
22Sandía
84%
6Fresa
83%
16Melón
81%
25Uva
78%
14Mango
78%
11Limón
78%
20Piña
74%
19Pera
74%
18Papaya
69%
5Durazno
62%
1Aguacate
61%
8Guayaba
59%
13Mandarina
55%
10Kiwi
50%
2Cereza
44%
23Toronja
43%
4Coco
42%
3Ciruela
40%
7Granada
31%
9Higo
26%
24Tuna
25%
12Mamey
19%

Distribución de puntuación

Porcentaje por número respondido

Porcentaje de gente con cada puntuación

Historial de tus puntuaciones

No has tomado esta prueba desde el último reinicio